Culture Générale - Série 504 - Statistiques

Statistiques générales
  • Ce quiz a été pris 283 fois
  • Le résultat moyen est 6 sur 10
Statistiques - réponses
Question Réponse % Correct
De quel pays la ville d'Helsinki est-elle la capitale ? Finlande
97%
Quelle crème accompagne traditionnellement l'île flottante ? crème anglaise
89%
Quel mot désigne à la fois un fruit rouge et une collerette en dentelle portée au 16e et 17e siècle ? fraise
89%
Quel animal est le roitelet ? oiseau
83%
Dans quel pays se trouve le massif des Dolomites ? Italie
73%
D'après la fable de Jean de La Fontaine, qui le rat de ville invite-t-il à manger ? Le rat des champs
56%
Sans citer de marque, quel alcool faut-il mélanger au sirop d'orgeat pour obtenir une mauresque ? pastis
53%
Dans quel sport le Français Michel Desjoyeaux s'illustre-t-il ? voile
50%
Selon l'expression familière, que coince-t-on quand on paresse ? bulle
34%
Dans quelle chanson Adamo chante-t-il : "Tu ne viendras pas ce soir, me crie mon désespoir..." ? Tombe la neige
24%
Aucun quiz correspondant
Distribution des résultats
% des personnes avec chaque résultat
Percentile par nombre de réponses
Votre historique - résultats
Vous n’avez pas pris ce quiz